Assassin's Creed All Main Series Games - Statistics

General Stats
  • This quiz has been taken 191 times
  • The average score is 10 of 12
Answer Stats
Year Answer % Correct
2007 Assassin's Creed
95%
2009 Assassin's Creed 2
93%
2013 Assassin's Creed 4: Black Flag
92%
2012 Assassin's Creed 3
91%
2020 Valhalla
83%
2010 Brotherhood
81%
2017 Origins
81%
2018 Odyssey
80%
2014 Unity
78%
2011 Revelations
76%
2015 Syndicate
74%
2014 Rogue
72%
No matching quizzes found
Score Distribution
Percent of People with Each Score
Percentile by Number Answered
Your Score History
You have not taken this quiz